Grundzüge der Morphologie des Deutschen

Guardado en:
Detalles Bibliográficos
Autor principal: Elsen, Hilke
Formato: Libro
Lenguaje:alemán
Publicado: Berlin Walter de Gruyter 2014
Edición:2. aktualisierte Auflage
Colección:De Gruyter Studium
Materias:
Etiquetas: Agregar Etiqueta
Sin Etiquetas, Sea el primero en etiquetar este registro!

MARC

LEADER 00000nam a2200000 4500
001 0278773
005 20240226134117.5
020 |a 978-3-11-035893-3 
020 |a 978-3-11-036930-4 
041 0 |a ger 
044 |a DE 
245 1 0 |a Grundzüge der Morphologie des Deutschen  |c Hilke Elsen 
250 |a 2. aktualisierte Auflage 
264 1 |a Berlin  |b Walter de Gruyter  |c 2014 
300 |a 326 s. 
490 1 |a De Gruyter Studium 
830 0 |a De Gruyter Studium 
610 2 0 |a morfológia 
610 2 0 |a jazykoveda 
610 2 0 |a jazyky cudzie 
610 2 0 |a syntax 
610 2 0 |a sémantika 
610 2 0 |a terminológia 
100 1 |a Elsen, Hilke